Incept, development and progress of a start-up diplomová práca

Saved in:
Bibliographic Details
Main Author: Mikleová, Lenka
Corporate Author: Fakulta podnikového manažmentu EU. Katedra manažmentu
Other Authors: Slávik, Štefan, 1955-
Format: Book
Language:English
Published: Bratislava 2018
Tags: Add Tag
No Tags, Be the first to tag this record!

MARC

LEADER 00000nbm a2200000 4500
001 0244793
005 20180920131401.9
041 0 |a eng 
044 |a SK 
245 1 0 |a Incept, development and progress of a start-up  |b diplomová práca  |c Lenka Mikleová ; školiteľ: Štefan Slávik 
264 1 |a Bratislava  |c 2018 
300 |a 43 s. 
100 1 |a Mikleová, Lenka 
700 1 |a Slávik, Štefan, 1955- 
710 2 |a Fakulta podnikového manažmentu EU. Katedra manažmentu